Obálka Náhled e-knihy:
PDF Epub
Pro půjčování e-knih musíte být přihlášeni.
Jak si půjčit online?

Karneval paměťových buněk /

Známý český moderátor, textař a bavič představuje krátké povídky k úsměvu i k zamyšlení.

Uloženo v:
Hlavní autor: Šíp, Karel, 1945- (Autor)
Další autoři: Slíva, Jiří, 1947- (Autor)
Médium: E-kniha
Jazyk:Czech
Vydáno: Praha : XYZ, 2018
Témata:
Tagy:
Žádné tagy
LEADER 02008nam a2200397 i 4500
001 310969
003 CZ PrSKC
005 20260601215657.0
007 ta
008 181122s2018 xr a g 000 j cze
015 |a cnb003057918 
020 |a 9788075972439  |q (vázáno) :  |c Kč 249,00 
035 |a (OCoLC)1081400484 
040 |a BOA001  |b cze  |d ABA001  |d OLA001  |e rda 
072 7 |a 821.162.3-3  |x Česká próza  |2 Konspekt 
080 |a 821.162.3-3  |2 MRF 
080 |a (0:82-4)  |2 MRF 
100 1 |a Šíp, Karel,  |d 1945-  |7 jn99240001675  |4 aut 
245 1 0 |a Karneval paměťových buněk /  |c Karel Šíp ; ilustrace Jiří Slíva 
264 1 |a Praha :  |b XYZ,  |c 2018 
300 |a 150 stran :  |b ilustrace ;  |c 20 cm 
336 |a text  |b txt  |2 rdacontent 
337 |a bez média  |b n  |2 rdamedia 
338 |a svazek  |b nc  |2 rdacarrier 
520 2 |a Známý český moderátor, textař a bavič představuje krátké povídky k úsměvu i k zamyšlení.  |b Drobné literární útvary, v nichž autorovy "paměťové buňky" nabízí čtenářům řadu nejrůznějších témat /dětství, umění, záskok, autogramy, státní svátky.../, doplněných o pár písňových textů. Žádný prvoplánový humor, ale vtipné a příjemné počtení, umocněné ilustracemi Jiřího Slívy. 
655 7 |a české prózy  |7 fd133972  |2 czenas 
655 7 |a fejetony  |7 fd132252  |2 czenas 
655 9 |a Czech prose  |2 eczenas 
655 9 |a feuilletons  |2 eczenas 
700 1 |a Slíva, Jiří,  |d 1947-  |7 jk01111924  |4 ill 
900 |a ABA001  |b 19 
928 9 |a Albatros Media - XYZ 
044 |a xr 
910 |a RBIT002 
998 |d 179952  |a https://core.palmknihy.cz/api/books/179952/cover?pi2x2u  |b https://core.palmknihy.cz/api/books/179952/cover/400?pi2x2u  |c https://core.palmknihy.cz/api/books/179952/cover/50?pi2x2u  |e 2027-12-31  |g 152  |i 9788075972439  |j https://core.palmknihy.cz/api/books/179952/preview.epub  |k https://core.palmknihy.cz/api/books/179952/preview.pdf  |l   |q 49  |r 1  |s https://www.palmknihy.cz/kniha/179952  |t ebook  |y 2018  |z 0 
999 |d 310967